01006nam a2200253 a 4500001001000000003000500010005001700015008004100032010001100073011001100084040000900095100004100104245021500145260004100360500006000401502007000461650002900531650002400560650003200584650001500616650002500631650002600656856007000682000109227CHAP20220329144042.0140410s2013 mx a sm |||||||spa d a105689 a106661 cCHAP1 aFernández Pavía, Yolanda Leticia10aRespuesta de la nochebuena de sol Euphorbia pulcherrima CV. valenciana al efecto de diferentes nutriciones bajo condiciones de hidropónia en invernaderoh[En línea]cpor Yolanda Leticia Fernández Pavía. aChapingo, Méx. :bEl autor,c2013. aPara ver el contenido del material haga clic en la liga aTesis (Ph. D en Horticultura) -- UACH. Departamento de Fitotecnia14aCultivos en invernadero.14aFlor de nochebuena.14aHidroponiaxTerminología.14aMolibdeno.14aPigmentos vegetales.14aPlantasxNutrición. aFinding aiduhttp://10.13.5.2/tesis/sist109227.pdfzTeclea aquí